Informe confidencial sobre Esquipulas II
Este artículo trata sobre la visita que realizaron importantes funcionarios de la ONU y de la OEA a Centroamérica. La misma permitió esclarecer las posiciones de los diversos gobiernos centroamericanos respecto al cumplimiento del Plan de Paz Arias y las dificultades que cada uno enfrenta. En el tra...
Guardat en:
| Format: | Text |
|---|---|
| Matèries: | |
| Etiquetes: |
Afegir etiqueta
Sense etiquetes, Sigues el primer a etiquetar aquest registre!
|
MARC
| LEADER | 00000 a a2200000 04500 | ||
|---|---|---|---|
| 001 | 2084 | ||
| 003 | |||
| 040 | |||
| 245 | |a Informe confidencial sobre Esquipulas II | ||
| 520 | |a Este artículo trata sobre la visita que realizaron importantes funcionarios de la ONU y de la OEA a Centroamérica. La misma permitió esclarecer las posiciones de los diversos gobiernos centroamericanos respecto al cumplimiento del Plan de Paz Arias y las dificultades que cada uno enfrenta. En el trabajo se exponen las conclusiones referentes a los gobiernos de Nicaragua y Honduras, lo mismo que las posiciones de éstos. LOB/mb | ||
| 650 | |a PAZ | ||
| 650 | |a ONU | ||
| 650 | |a OEA | ||
| 650 | |a GOBIERNO | ||
| 650 | |a AYUDA ECONOMICA | ||
| 650 | |a AYUDA MILITAR | ||
| 650 | |a GUERRA | ||
| 650 | |a FUERZAS ARMADAS | ||
| 650 | |a LIBERTAD DE OPINION | ||
| 773 | |g número 80; páginas 2-6 | ||
| 999 | |c 35316 |d 35316 | ||
